000 00939cab a2200301 4500
001 ABS54893
008 090401t1996 xxu||||| |||| 00| 0 eng d
035 _a(Sirsi) u12858
041 _aeng
100 _aTyler, M.
245 _aEnforcing safety law
260 _c1996
350 _a0
490 _aBuilding
_v261(7937) 19 April 1996, 38(1)
520 _aConsiders how safety law is being more rigorously enforced, focusing on the tools of CDM regulations, imprisonment and improvement notices.
650 _aASBESTOS (LICENSING) REGULATIONS 1983
650 _aCONSTRUCTION (DESIGN AND MANAGEMENT) REGULATIONS 1994
650 _aCONSTRUCTION SITES
650 _aHEALTH AND SAFETY
_96244
650 _aHSE LICENCE
650 _aIMPRISONMENT
650 _aIMPROVEMENT NOTICES
650 _aSITE SAFETY
690 _aBUILT ENVIRONMENT-BUILDING STANDARDS
700 _aVentris, G.
942 _n0
948 _c04/03/1997
999 _c8248
_d8248